MARC

Tag First Indicator Second Indicator Subfields
LEADER 00000cam a2200000 a 4500
001 in00005770430
005 20260327173125.9
006 m o d
007 cr n |||
008 900405s1991 enkab ob 001 0 eng d
010 |z  90001816  
040 |a COA  |b eng  |e rda  |c COA  |d OCLCF  |d OCLCQ  |d OCLCO  |d OCLCL  |d OCLCQ 
020 |a 0750610107 
020 |a 9780750610100 
024 8 |a (WaSeSS)ssj0001063455 
035 |a (OCoLC)1340104781 
050 0 0 |a TA705  |b .D33 1991 
082 0 4 |a 624.1/51/0223  |2 20 
049 |a TXAM 
100 1 |a Dearman, W. R. 
240 1 0 |a Engineering geological mapping (Online) 
245 1 0 |a Engineering geological mapping /  |c W.R. Dearman. 
264 1 |a London ;  |a Boston :  |b Butterworth-Heinemann,  |c 1991. 
300 |a 1 online resource (viii, 387 pages :)  |b illustrations (some color), maps (some color). 
336 |a text  |b txt  |2 rdacontent 
337 |a computer  |b c  |2 rdamedia 
338 |a online resource  |b cr  |2 rdacarrier 
347 |a text file  |2 rdaft  |0 http://rdaregistry.info/termList/fileType/1002. 
490 1 |a Butterworths advanced series in geotechnical engineering. 
504 |a Includes bibliographical references (pages 367-378) and index. 
650 0 |a Engineering geology. 
650 0 |a Geological mapping. 
650 6 |a Géologie appliquée. 
650 6 |a Cartographie géologique. 
650 7 |a Engineering geology  |2 fast 
650 7 |a Geological mapping  |2 fast 
655 7 |a Electronic books.  |2 local 
710 2 |a ScienceDirect (Online service) 
758 |i has work:  |a Engineering Geological Mapping (Work)  |1 https://id.oclc.org/worldcat/entity/E39PCXC978w3X6XdHGTp4Pb9j3  |4 https://id.oclc.org/worldcat/ontology/hasWork 
830 0 |a Butterworths advanced series in geotechnical engineering. 
856 4 0 |u http://proxy.library.tamu.edu/login?url=https://www.sciencedirect.com/science/book/9780750610100  |z Connect to the full text of this electronic book  |t 0 
936 |a BATCHLOAD 
955 |a Elsevier ScienceDirect 2026-2027 
994 |a 92  |b TXA 
999 f f |i 17e16cee-4e55-40b3-9ba6-df38243668f4  |s ce107bae-8393-4091-a591-f17871842d8c  |t 0 
952 f f |a Texas A&M University  |b College Station  |c Electronic Resources  |s www_evans  |d Available Online  |t 0  |e TA705 .D33 1991  |h Library of Congress classification 
998 f f |a TA705 .D33 1991  |t 0  |l Available Online